00472nam a2200157 a 450000500170000000800410001702000180005805000180007624500440009426000530013830000230019144000200021450000430023465000160027765000210029320140412111415.0050518s19uu xx 00 eng d a0-7214-1692-6 aERbCi48 1994 aCinderella /cillustrated by Jon Davis. aLeicestershire, UK :bLadybird Books Ltd,c1993. a1 v. (unp.) ; ill. aFavourite Tales abased on the story of Charles Perrault aFairy tales aChildren stories